000 00527nam a2200169 4500
999 _c8368
_d8368
008 180130b xxu||||| |||| 00| 0 eng d
020 _a0-395-47277-6
082 _21989
_aDC 650
_bF41
100 _925895
_aFerrel, O.C.
245 _aBusiness/
_cO.C. Ferrel and Geoffrey Hirt.
260 _aBoston:
_bHoughton Mifflin Companay,
_c©1989.
300 _axxx, 852 pages:
_bcolor illustration;
_c25 cm.
521 _aIncludes glossary and index.
650 0 _925896
_aBusiness
700 _925897
_aHirt, Goefffrey.
942 _2ddc
_cDC